Mechanism of ozone crack initiation in blends of natural rubber with saturated hydrocarbon elastomers: Paper presented at International Tire Exhibition and Conference (ITEC`96), Ohio, September 10-12, 1996 (Record no. 41074)

MARC details
000 -LEADER
fixed length control field 00445nam a2200109Ia 4500
082 ## - DEWEY DECIMAL CLASSIFICATION NUMBER
Classification number NR:62:678.021
Item number DOY
100 ## - MAIN ENTRY--AUTHOR NAME
Personal name Doyle, Michael J
245 #0 - TITLE STATEMENT
Title Mechanism of ozone crack initiation in blends of natural rubber with saturated hydrocarbon elastomers: Paper presented at International Tire Exhibition and Conference (ITEC`96), Ohio, September 10-12, 1996
260 ## - PUBLICATION, DISTRIBUTION, ETC. (IMPRINT)
Place of publication Akron
Year of publication 1996
942 ## - ADDED ENTRY ELEMENTS (KOHA)
Koha item type Books
Holdings
Withdrawn status Lost status Damaged status Not for loan Home library Current library Date acquired Cost, normal purchase price Full call number Accession Number Koha item type
        RRII Library RRII Library 16/12/2021 300.00 NR:62:678.021 DOY 21366 Books